000
00294nam a2200121Ia 4500
008
240112s1970 xx 000 0 und d
041
_a
eng
082
_a
616.3403
100
_a
SCHWARTZ T.
245
_a
THE YEAR BOOK OF ENDOCRINOLOGY
260
_b
THE Y/B MED. PUB
_c
1970
300
_a
412,HB
999
_c
1142315
_d
1142315